[Event "Foz do Iguacu op 5th"]
[Site "Foz do Iguacu"]
[Date "2015.06.06"]
[Round "4"]
[White "Almeida, Carlos Bruno Gomes"]
[Black "De Andrade, Osvaldo Cezar G"]
[Result "0-1"]
[WhiteElo "1877"]
[BlackElo "2083"]
[PlyCount "46"]
[EventDate "2015.06.05"]
[EventType "swiss"]
[EventRounds "6"]
[EventCountry "BRA"]
[SourceTitle "CBM 166 Extra"]
[Source "ChessBase"]
[SourceDate "2015.06.18"]
[SourceVersion "1"]
[SourceVersionDate "2015.06.18"]
[SourceQuality "1"]

1. d4 Nf6 2. g3 d6 3. Bg2 g6 4. Nf3 Nbd7 5. 0-0 Bg7 6. c4 c6 7. Nc3 0-0 8. b3 Re8 9. Bb2 e5 10. Re1 a5 11. Qd2 e4 12. Ng5 e3 13. fxe3 Bh6 14. e4 Ng4 15. h4 f6 16. Qf4 fxg5 17. Qxg4 Ne5 18. Qxc8 Rxc8 19. dxe5 gxh4 20. exd6 hxg3 21. e5 Be3+ 22. Kf1 Rf8+ 23. Bf3 Qh4 0-1

[Event "Foz do Iguacu op 5th"]
[Site "Foz do Iguacu"]
[Date "2015.06.06"]
[Round "3"]
[White "De Andrade, Osvaldo Cezar G"]
[Black "Silva, Luis Gustavo"]
[Result "1-0"]
[WhiteElo "2083"]
[BlackElo "1895"]
[PlyCount "59"]
[EventDate "2015.06.05"]
[EventType "swiss"]
[EventRounds "6"]
[EventCountry "BRA"]
[SourceTitle "CBM 166 Extra"]
[Source "ChessBase"]
[SourceDate "2015.06.18"]
[SourceVersion "1"]
[SourceVersionDate "2015.06.18"]
[SourceQuality "1"]

1. e4 a6 2. d4 b5 3. Bd3 Bb7 4. f4 Nf6 5. Nd2 e6 6. Qe2 c5 7. c3 cxd4 8. cxd4 Bb4 9. Ngf3 Ba5 10. 0-0 Nc6 11. Kh1 Rc8 12. e5 Nd5 13. Ne4 Bb4 14. Ng3 h5 15. Ne4 Be7 16. f5 Ncb4 17. Bg5 f6 18. exf6 gxf6 19. Bd2 Nxd3 20. Qxd3 Rf8 21. Rae1 Nb4 22. Bxb4 Bxb4 23. Re2 Bd5 24. b3 Qe7 25. Nh4 Rg8 26. fxe6 dxe6 27. Nf5 exf5 28. Nxf6+ Kf8 29. Nxd5 Qf7 30. Nxb4 1-0

[Event "Jogos op do Parana - Japs"]
[Site "Francisco Beltrao"]
[Date "2009.10.28"]
[Round "2.2"]
[White "Cruz, William Ferreira Da"]
[Black "De Andrade, Osvaldo Cezar G"]
[Result "0-1"]
[WhiteElo "2128"]
[BlackElo "2072"]
[PlyCount "102"]
[EventDate "2009.10.27"]
[EventType "swiss"]
[EventRounds "7"]
[EventCountry "BRA"]
[SourceTitle "EXT 2022"]
[Source "ChessBase"]
[SourceDate "2021.10.06"]
[SourceVersion "1"]
[SourceVersionDate "2021.10.06"]
[SourceQuality "1"]

1. d4 Nf6 2. Nf3 g6 3. Bf4 d6 4. e3 Bg7 5. Be2 Nbd7 6. 0-0 0-0 7. Nbd2 c5 8. c3 b6 9. h3 Bb7 10. a4 a6 11. Qb1 Qc7 12. Bh2 Rac8 13. Rc1 Qb8 14. b4 cxd4 15. cxd4 Rxc1+ 16. Qxc1 Rc8 17. Qf1 Qa8 18. b5 a5 19. Nc4 Ne4 20. Rc1 Rc7 21. Rc2 Qc8 22. Qc1 Nef6 23. Nfd2 Nd5 24. Qa3 Nb4 25. Rc1 Bd5 26. Qb3 Qb7 27. Bf3 Bxf3 28. Nxf3 Rc8 29. Rc3 Qc7 30. Nfd2 Nd5 31. Rc2 Nb4 32. Rc3 Nf8 33. Ne4 Qb7 34. Ncd2 d5 35. Rxc8 Qxc8 36. Nc3 Qb7 37. Kf1 Nd7 38. Ke2 e6 39. Bd6 Bf8 40. Bxf8 Kxf8 41. Na2 Nxa2 42. Qxa2 Qc7 43. Qa3+ Ke8 44. g3 Nf6 45. Kd3 h5 46. Qc3 Qd7 47. Nf3 Ne4 48. Qc2 f6 49. g4 hxg4 50. hxg4 g5 51. Ng1 Nd6 0-1

[Event "Jogos op do Parana - Japs"]
[Site "Francisco Beltrao"]
[Date "2009.10.28"]
[Round "3.2"]
[White "De Andrade, Osvaldo Cezar G"]
[Black "Serafim, Guilherme"]
[Result "1-0"]
[WhiteElo "2072"]
[BlackElo "1877"]
[PlyCount "59"]
[EventDate "2009.10.27"]
[EventType "swiss"]
[EventRounds "7"]
[EventCountry "BRA"]
[SourceTitle "EXT 2022"]
[Source "ChessBase"]
[SourceDate "2021.10.06"]
[SourceVersion "1"]
[SourceVersionDate "2021.10.06"]
[SourceQuality "1"]

1. e4 e5 2. Nf3 Nc6 3. Bc4 Nf6 4. Ng5 d5 5. exd5 Na5 6. Bb5+ c6 7. dxc6 bxc6 8. Be2 h6 9. Nf3 e4 10. Ne5 Qd4 11. f4 Bd6 12. c3 Qb6 13. b4 Nb7 14. Nc4 Qc7 15. Nxd6+ Nxd6 16. 0-0 Be6 17. d4 exd3 18. Qxd3 0-0 19. Be3 Rad8 20. Qa6 Rd7 21. Bd4 Nfe4 22. Na3 f6 23. Rad1 Nf5 24. Bc4 Nxd4 25. Rxd4 Bd5 26. Rxe4 Kh8 27. Re3 Qd6 28. Bxd5 Qxd5 29. Qe2 Rff7 30. Nc4 1-0